000
00267nam a2200109Ia 4500
008
190914s9999||||xx |||||||||||||| ||und||
100
_a
Shamshad Ahmed
245
0
_a
Education and Physical Education
260
_a
New Delhi
_b
Dorling
_c
2007
300
_a
251
942
_c
BK
999
_c
9936
_d
9936